000
00311 a2200157 4500
001
183033
020
_a
040
_c
Magnum
100
_a
Prates, Luiz Carlos
240
1
0
_a
IntermitĂȘncia
_l
por
245
1
0
_a
IntermitĂȘncia
300
_a
362
0
_a
1983
697
_a
LITERATURA GERAL
942
_c
BK
999
_c
183033
_d
183033